000 00741nam a22002537a 4500
001 BR7302528
003 BR-BrBNA
005 20230928083926.0
007 ta
008 230509b bl.||||| |||| 00| 0 por d
040 _aBR-BrBNA
_bpor
_cBiblioteca Nacional de Agricultura
041 _a(Por)
072 _aE15
_b2110
_b/G514
090 _ 2110 BR7302528
110 1 _aConselho Consultivo dos Produtores de Cacau, Itabuna, BA (Brasil)
_92584
245 1 _aEstudo sintese do processo economico do cacau [Brasil]
_bDocumento no. 73/1
260 3 _aItabuna, BA (Brasil):
_c1973.
300 _a19 p.
650 _aMicroeconomia
650 _aCacau
650 _aEconomia agricola
909 _a202309
_bLucia
_c55
_dLucia Elande
942 _cBK
999 _c15865
_d15865